000 00644nam a22001217a 4500
040 _cRUA
082 _aVEM CHI 2025 B705 Or.
100 _aCHIEN KAKADA, ជៀន កក្កដា
245 _aCattle Gastrointestinal Parasites In Farm At Kaoh dach Commune Chroy Changva District, Phnom Penh. បរាសិតខាងក្នុងក្រពះពោះវៀនគោ នៅកសិដ្ឋាន សង្កាត់កោះដាច់ ខណ្ឌជ្រោយចង្វារ រាជធានីភ្នំពេញ
260 _aPHNOM PENH
_bRUA
_c2025
300 _ax,35p.
_bill.
_c29cm.
942 _cសារណាបទ
999 _c25590
_d25590